000
00335 a2200109 4500
001
ART_7586
005
20260410161637.0
008
260409a
245
1
0
_a
Inversiones extranjeras. Influencia del marco tributario
100
1
_a
Edelstein, Andrés M.
773
0
_t
Consultor tributario
_g
- Nº 2 (abr. 2007)
_w
REV474
999
_c
12968
_d
12968